000
00337 a2200169 4500
001
44308
020
_a
858804403X
040
_c
Anchieta - Aquarius
100
_a
Belinky, Tatiana
240
1
0
_a
*ABC
_l
por
245
1
0
_a
*ABC
300
_a
31
362
0
_a
2001
440
1
_a
Elementar
650
4
_a
Literatura infantil
942
_c
BK
999
_c
44308
_d
44308